00311nam a2200085Ia 4500008004100000041000800041100002100049245010400070260005100174241105s9999 xx 000 0 und d aeng aKolte Rajnandini aBaugs Of Pune: The 18th Century Peshwa Period Conservation Strategies For Historic Urban Landscapes bBNCA M Arch Landscape ArchitectureaPunec2023